Storia d'Europa e del Mediterraneo
Uloženo v:
| Hlavní autor: | |
|---|---|
| Médium: | Kniha |
| Jazyk: | italština |
| Vydáno: |
Roma
Salerno
2006
|
| Témata: | |
| Tagy: |
Přidat tag
Žádné tagy, Buďte první, kdo vytvoří štítek k tomuto záznamu!
|
MARC
| LEADER | 00000nam a2200000 a 4500 | ||
|---|---|---|---|
| 001 | UCG6806 | ||
| 003 | CL-VaPUC | ||
| 008 | 110520e20060400IT |||||||||||||||||ita|d | ||
| 020 | |a 8884025257 | ||
| 082 | 0 | 4 | |a 936 |b BAR |2 21 |
| 100 | 0 | |a Barbero, Alessandro |e author |9 557195 | |
| 245 | 1 | 0 | |a Storia d'Europa e del Mediterraneo |
| 300 | |a t | ||
| 942 | |c BK | ||
| 945 | |d 20110520 00:00:00 |a jcampos | ||
| 260 | |a Roma |b Salerno |c 2006 | ||
| 500 | |a t.1 v.1: Il Mondo antico. Sezione 1, La preistoria dell'uomo. L'oriente Mediterraneo; v.1: dalla preistoria alla storia | ||
| 600 | 0 | 7 | |a MARTINO, STEFANO DE |2 CL-VaPUC |9 557196 |
| 650 | 7 | |a HISTORIA EUROPA |2 CL-VaPUC |9 555906 | |
| 650 | 7 | |a ORIENTE MEDIO |2 CL-VaPUC |9 498621 | |
| 650 | 0 | |a Historia antigua |9 267521 | |
| 651 | 7 | |a MEDITERRANEO |2 CL-VaPUC |9 269643 | |
| 651 | 0 | |a Europa |9 255156 | |
| 583 | |a last modification |c 20110520 00:00:00 |k Rodrigo Vera | ||
| 999 | |c 344938 |d 344936 | ||
| 952 | |0 0 |1 0 |4 0 |6 936_000000000000000_BAR_2006 |7 0 |8 A |9 443301 |a BIBHIS |b BIBHIS |d 2019-11-22 |h t.1 v.1 |i 4777646 |o 936 BAR 2006 |p 4777646 |r 2025-01-20 |w 2019-11-22 |y BK |k HIS | ||